Construction technology 3 (Record no. 104111)

MARC details
000 -LEADER
fixed length control field 01141cam a2200229 4500
001 - CONTROL NUMBER
control field L129142
008 - FIXED-LENGTH DATA ELEMENTS--GENERAL INFORMATION
fixed length control field 050322n2005 000 0 eng u
020 ## - INTERNATIONAL STANDARD BOOK NUMBER
International Standard Book Number 1403940959
035 ## - SYSTEM CONTROL NUMBER
System control number (Sirsi) u129142
041 ## - LANGUAGE CODE
Language code of text/sound track or separate title eng
050 ## - LIBRARY OF CONGRESS CALL NUMBER
Classification number 690.24
-- 18
100 ## - MAIN ENTRY--PERSONAL NAME
Personal name Riley, Mike
245 ## - TITLE STATEMENT
Title Construction technology 3
Remainder of title the technology of refurbishment and maintenance
260 ## - PUBLICATION, DISTRIBUTION, ETC.
Place of publication, distribution, etc. Basingstoke
Name of publisher, distributor, etc. Palgrave Macmillan
Date of publication, distribution, etc. 2005
300 ## - PHYSICAL DESCRIPTION
Extent vii, 248p.
Other physical details ill.
Dimensions 25cm.
350 ## - PRICE (NR) (BK AM CF MU VM SE) [OBSOLETE]
Price 20.99
520 ## - SUMMARY, ETC.
Summary, etc. Aims to be a learning text, that supports the study of construction technology and management courses in refurbishment and maintenance. Focuses on the technology of refurbishment in both housing and large-span, multi storey commercial and industrial buildings. This volume can be used as a stand alone text or read in conjunction with the earlier two volumes, "Construction Technology 1: House Construction" (ISBN 0333804562) and "Construction Technology 2: Industrial and Commercial Building" (ISBN 0333804821).
520 ## - SUMMARY, ETC.
Summary, etc. Superseded by 2 ed ISBN 9780230290143
690 ## - LOCAL SUBJECT ADDED ENTRY--TOPICAL TERM (OCLC, RLIN)
Topical term or geographic name as entry element Refurbishment
9 (RLIN) 6264
700 ## - ADDED ENTRY--PERSONAL NAME
Personal name Cotgrave, Alison
942 ## - ADDED ENTRY ELEMENTS (KOHA)
Suppress in OPAC 0
Holdings
Withdrawn status Lost status Source of classification or shelving scheme Damaged status Not for loan Home library Current library Shelving location Date acquired Cost, normal purchase price Total Checkouts Full call number Barcode Date last seen Date last checked out Copy number Cost, replacement price Price effective from Koha item type
    Dewey Decimal Classification     London London Books 17/06/2005 17.84 35 690.24 RIL 30069863 06/08/2019 18/01/2010 1 17.84 06/08/2019 Book